000 01254nam a2200325 a 4500
001 000113450
003 CHAP
005 20220329144355.0
008 170627s2016 mx a fsm |||||||spa d
010 _a109911
011 _a110883
040 _cCHAP
090 _aTesis
100 1 _aRamírez Martínez, Francisco
_9132741
245 1 0 _aTransferencia de tecnología, mediante obras de conservación de agua y suelo en el ejido Benito Juárez, Tlaxcala /
_h[En línea]
_cpor Francisco Ramírez Martínez y José Francisco Sánchez Sánchez.
260 _aChapingo, Méx. :
_bEl autor,
_c2016.
500 _aPara ver el contenido del material haga clic en la liga
502 _aTesis (Ing. en Irrigación) -- UACH. Departamento de Irrigación
590 _aE8697GMM
_b05
_c20170627
_lUCH01
_h1128
590 _aE8697GMM
_b05
_c20170627
_lUCH01
_h1213
650 1 4 _aInundaciones
_xEfecto en suelos.
_960164
650 1 4 _aSuelos
_xConservación
_xTlaxcala.
_9110317
650 1 4 _aSuelos
_xDegradación.
_9110336
650 1 4 _aSuelos
_xRecuperación de.
_9110473
700 1 _aSánchez Sánchez, José Francisco
_9132742
856 _aFinding aid
_uhttp://10.13.5.2/tesis/sist113450.pdf
_zTeclea aquí
901 _aBK
942 _cTESIS
942 _n0
999 _c109911
_d109911